000 00483 a2200169 4500
999 _c41494
_d41494
003 OSt
005 20220723132110.0
008 220723b ||||| |||| 00| 0 eng d
020 _a9788131791448
040 _coclc
082 _a005.133
_bKAM/P
100 _99066
_aKamthane, Ashok N
245 _aProgramming in C++ /
_c Ashok N. Kamthane,
260 _aIndia:
_bPearson,
_c2022
300 _a885 pages
942 _2ddc
_cBK
_h005.133
_iKAM/P
_k005.133
_mKAM/P